00540 2200217 4500001002100000005001500021035001900036245003400055100001100089300003800100260003700138082000700175084001300182020002100195008004100216990001300257990001300270990001300283990001300296990001300309INLIS00000000000297920260409073332$a 0010-0426000070$a Keajaiban Piramida /$c Tim CBM$a Tim CBM$a 71 hlm : $b Ilus ; $c 17.5 x 25 cm$a Bandung :$b PT Karya Kita,$c 2007$a 932$a 932 TIM k$a 978-979-9282-64-4260409 0 $a 2501/2012$a 2502/2012$a 2503/2012$a 2504/2012$a 2505/2012